000 01421nam a2200373 a 4500
001 000112251
003 CHAP
005 20220329144252.0
008 160119s2015 mx a fsm |||||||spa d
010 _a108712
011 _a109684
040 _cCHAP
090 _aTesis
100 1 _aCalzada Martínez, Luis Enrique
_9130458
245 1 0 _aRendimiento de 4 híbridos de maíz (Zea mays L.) con 2 fórmulas de fertilización suplementadas con productos biologicos, en condiciones de temporal/
_h[En línea]
_cpor Luis Enrique Calzada Martinez y David Virgen Verduzco.
260 _aChapingo, Méx. :
_bEl autor,
_c2015.
500 _aPara ver el contenido del material haga clic en la liga
502 _aTesis (Ing. Agr. Esp. en Fitotecnia) -- UACH. Departamento de Fitotecnia
590 _aBATCH
_b00
_c20181121
_lUCH01
_h0759
590 _aE5995AHE
_b05
_c20160119
_lUCH01
_h1010
590 _aE5995AHE
_b05
_c20160119
_lUCH01
_h1204
590 _aE5995AHE
_b05
_c20160119
_lUCH01
_h1204
590 _aE5995AHE
_b05
_c20160121
_lUCH01
_h1350
650 1 4 _aMaíz
_xHíbridos.
_970974
650 1 4 _aMaíz
_xInoculación.
_970983
650 1 4 _aMaíz
_xMejoramiento.
_971006
650 1 4 _aMaíz
_xRendimiento.
_971051
700 1 _aVirgen Verduzco, David
_9130459
856 _a1
_n0001155
856 _aFinding aid
_uhttp://10.13.5.2/tesis/sist112251.pdf
_zTeclea aquí
901 _aBK
942 _cTESIS
942 _n0
999 _c108712
_d108712